Car models starting with E by pictures - Statistics

General Stats
  • This quiz has been taken 70 times
  • The average score is 5 of 10
Answer Stats
Picture Hint Answer % Correct
Ferrari Enzo
80%
Ford Explorer
77%
Mitsubishi Eclipse
70%
Lotus Elise
61%
Chevrolet El Camino
54%
Audi E-Tron GT
46%
Skoda Enyaq
43%
Ford EcoSport
41%
Mercedes-Benz EQB
38%
Volvo EX30
38%
No matching quizzes found
Score Distribution
Percent of People with Each Score
Percentile by Number Answered
Your Score History
You have not taken this quiz